000 00584cam a22002051 4500
001 med47000006
003 DLC
005 20260227111557.0
008 810815s1946 xx a 000 0 ita
010 _amed47000006
035 _a(OCoLC)14728987
040 _aDLC
_cDNLM
_dDLC
042 _apremarc
050 0 0 _aR130
_b.F43
060 0 _aWB 100
_bF393i 1946
100 1 _aFerrio, Luigi.
245 1 0 _aIntroduzione allo studio della medicina.
_bCon 201 figure in parte a colori.
260 _aTorino,
_bUnione tipografico-editrice torinese,
_c1946.
300 _aviii, 587 p.
_bill.
999 _c37926
_d37926